| 000 | 00335nam a2200133Ia 4500 | ||
|---|---|---|---|
| 008 | 150201s2009 xx 000 0 und d | ||
| 082 |
_a610 _bI09W |
||
| 100 | _aWALLACH,JACQUES | ||
| 245 | _aINTERPRETATION DIAGNOSTIC TESTS | ||
| 250 | _a8TH | ||
| 260 |
_bWOLTERKULWER _aDELHI _c2009 |
||
| 650 | _aMEDICINE AND DIAGNOSIS | ||
| 942 |
_2ddc _cBK |
||
| 999 |
_c968 _d968 |
||